STUDY OF LANGUAGE (Record no. 18057)
[ view plain ]
| 000 -LEADER | |
|---|---|
| fixed length control field | 00355nam a2200145Ia 4500 |
| 008 - FIXED-LENGTH DATA ELEMENTS--GENERAL INFORMATION | |
| fixed length control field | 240624s9999 xx 000 0 und d |
| 041 ## - LANGUAGE CODE | |
| Language code of text/sound track or separate title | eng |
| 082 ## - DEWEY DECIMAL CLASSIFICATION NUMBER | |
| Classification number | 400 YUL |
| 100 ## - MAIN ENTRY--PERSONAL NAME | |
| Personal name | YULE GEORGE |
| 245 ## - TITLE STATEMENT | |
| Title | STUDY OF LANGUAGE |
| 250 ## - EDITION STATEMENT | |
| Edition statement | (3rd ed.) |
| 260 ## - PUBLICATION, DISTRIBUTION, ETC. | |
| Date of publication, distribution, etc. | 2008 |
| Place of publication, distribution, etc. | New Delhi |
| Name of publisher, distributor, etc. | Cambridge University Press India |
| 300 ## - PHYSICAL DESCRIPTION | |
| Extent | 284 : p. |
| 365 ## - TRADE PRICE | |
| Currency code | BPS |
| Price amount | 27 |
| Withdrawn status | Lost status | Damaged status | Not for loan | Home library | Current library | Shelving location | Date acquired | Source of acquisition | Cost, normal purchase price | Full call number | Barcode | Date last seen | Copy number | Price effective from | Koha item type |
|---|---|---|---|---|---|---|---|---|---|---|---|---|---|---|---|
| IMTN | IMTN | Rack 15-B | 10/05/2011 | NBH | 17.95 | 400 YUL | 18057 | 06/24/2024 | 78.3 | 06/24/2024 | Books |